Adding Indonesia to the Global Projection Model /

This is the fifth of a series of papers that are being written as part of a larger project to estimate a small quarterly Global Projection Model (GPM). The GPM project is designed to improve the toolkit to which economists have access for studying both own-country and cross-country linkages. In this...

Full description

Bibliographic Details
Main Author: Garcia-Saltos, Roberto
Other Authors: Andrle, Michal, Laxton, Douglas, Munandar, Haris
Format: Journal
Language:English
Published: Washington, D.C. : International Monetary Fund, 2009.
Series:IMF Working Papers; Working Paper ; No. 2009/253
Online Access:Full text available on IMF
LEADER 01795cas a2200277 a 4500
001 AALejournalIMF006016
008 230101c9999 xx r poo 0 0eng d
020 |c 5.00 USD 
020 |z 9781451941715 
022 |a 1018-5941 
040 |a BD-DhAAL  |c BD-DhAAL 
100 1 |a Garcia-Saltos, Roberto. 
245 1 0 |a Adding Indonesia to the Global Projection Model /  |c Roberto Garcia-Saltos, Douglas Laxton, Michal Andrle, Haris Munandar. 
264 1 |a Washington, D.C. :  |b International Monetary Fund,  |c 2009. 
300 |a 1 online resource (57 pages) 
490 1 |a IMF Working Papers 
500 |a <strong>Off-Campus Access:</strong> No User ID or Password Required 
500 |a <strong>On-Campus Access:</strong> No User ID or Password Required 
506 |a Electronic access restricted to authorized BRAC University faculty, staff and students 
520 3 |a This is the fifth of a series of papers that are being written as part of a larger project to estimate a small quarterly Global Projection Model (GPM). The GPM project is designed to improve the toolkit to which economists have access for studying both own-country and cross-country linkages. In this paper, we add Indonesia to a previously estimated small quarterly projection model of the US, euro area, and Japanese economies. The model is estimated with Bayesian techniques, which provide a very efficient way of imposing restrictions to produce both plausible dynamics and sensible forecasting properties. 
538 |a Mode of access: Internet 
700 1 |a Andrle, Michal. 
700 1 |a Laxton, Douglas. 
700 1 |a Munandar, Haris. 
830 0 |a IMF Working Papers; Working Paper ;  |v No. 2009/253 
856 4 0 |z Full text available on IMF  |u http://elibrary.imf.org/view/journals/001/2009/253/001.2009.issue-253-en.xml  |z IMF e-Library